00278pab a2200133 454500008004000000100002100040245001900061260000900080300001300089362000800102650001200110650001000122773001200132180718b2012 xxu||||| |||| 00| 0 eng d aSaldanha, Leo F. aWhose streets? c2012 ap.67-71. aAug aStreets aRoads aSeminar